Stanovenie vybraných analytických parametrov v bryndzi

Salvato in:
Dettagli Bibliografici
Autore principale: Vrbiková, Lenka
Natura: Software Libro
Lingua:slovacco
Pubblicazione: Bratislava STU FCHPT 2010
Accesso online:Visualizza in OPAC
Tags: Aggiungi Tag
Nessun Tag, puoi essere il primo ad aggiungerne!!

MARC

LEADER 00000nam a2200000 a 4500
005 20260127134243.0
007 co ugu
008 100719 2010 xo 000 0 slo d
035 |a vtls010116080 
039 9 |y 201007191207  |z mschk03 
040 |a STUSCHK1  |b slo  |c STUSCHK1  |e AACR2 
100 1 |a Vrbiková, Lenka 
245 1 |a Stanovenie vybraných analytických parametrov v bryndzi  |c Lenka Vrbiková 
260 |a Bratislava  |b STU FCHPT  |c 2010 
300 |a 1 elektronický disk 
500 |a Obháj.: 9.6. 2010 
500 |a Študijný program: potraviny, hygiena, kozmetika 
500 |a Študijný odbor: 5.2.24 potravinárstvo 
500 |a Miesto vypracovania: Oddelenie potravinárskej technológie, FCHPT STU 
500 |a Evidenčné číslo: FCHPT-5457-28523 
500 |a diplomová práca na CD-ROMe 
910 |a SCHK95 
999 |c 7941  |d 7941